Life : (Record no. 66855)

MARC details
000 -LEADER
fixed length control field 00946nam a22002417a 4500
005 - DATE AND TIME OF LATEST TRANSACTION
control field 20120518152246.0
008 - FIXED-LENGTH DATA ELEMENTS--GENERAL INFORMATION
fixed length control field 120518t xxu||||| |||| 00| 0 eng d
010 ## - LCCN (DPL NO)
LC control number ENG-105360
020 ## - INTERNATIONAL STANDARD BOOK NUMBER
International Standard Book Number 9788124606186
Terms of availability 195.00
020 ## - INTERNATIONAL STANDARD BOOK NUMBER
International Standard Book Number 8124606188
Terms of availability 195.00
035 ## - SYSTEM CONTROL NUMBER
System control number EN-88893
037 ## - SOURCE OF ACQUISITION
Source of stock number/acquisition DBAD/PUB
040 ## - CATALOGING SOURCE
Original cataloging agency DPL
Language of cataloging Eng
082 ## - DEWEY DECIMAL CLASSIFICATION NUMBER
Classification number 704.948
100 ## - MAIN ENTRY--PERSONAL NAME
Personal name Kogata, R.N.
9 (RLIN) 47159
245 ## - TITLE STATEMENT
Title Life :
Statement of responsibility, etc by R. N. Kogata [and] Lalita Kogata
Remainder of title one hundred quotes and thoughts with one hundred paintings of Lord Krishna /
260 ## - PUBLICATION, DISTRIBUTION, ETC. (IMPRINT)
Place of publication, distribution, etc New Delhi
Name of publisher, distributor, etc D.K. Printworld
Date of publication, distribution, etc 2012
270 ## - ADDRESS
Address 'Srikunj', F-52, Bali Nagar, Ramesh Nagar Metro Station
City New Delhi
Postal code 110015
300 ## - PHYSICAL DESCRIPTION
Extent 106p. :
Dimensions 16cm(pbk)
Other physical details col. ill.
700 ## - ADDED ENTRY--PERSONAL NAME
Personal name Kogata, Lalita
9 (RLIN) 1167
942 ## - ADDED ENTRY ELEMENTS (KOHA)
Source of classification or shelving scheme Dewey Decimal Classification
Item type English Books
Call number suffix KOG
Classification part 704.948
Holdings
Withdrawn status Lost status Source of classification or shelving scheme Damaged status Not for loan Collection code Home library Current library Date acquired Source of acquisition Cost, normal purchase price Total Checkouts Full call number Barcode Date last seen Copy number Cost, replacement price Koha item type
    Dewey Decimal Classification   Not For Loan Non-fiction D.B.Act.Division D.B.Act.Division 18/05/2012 DBAD/PUB 195.00   704.948 KOG EN-88893 18/05/2012 1 195.00 English Books

© Delhi Public Library
Hit Counter
free hit counter